| 000 | 00429nam a2200157 a 4500 | ||
|---|---|---|---|
| 001 | 000011368 | ||
| 005 | 20200929162430.0 | ||
| 008 | 091016s1975 dr 000 0 spa d | ||
| 040 |
_aDO-SdBNP _bspa _cBNPHU |
||
| 082 |
_axxx _bS718d |
||
| 100 | 1 |
_aSoto, José Miguel _926983 |
|
| 245 | 1 | 0 |
_aDualidades / _cJosé Miguel Soto. |
| 260 |
_a[Santo Domingo] : _bPadilla offset, _c[1975]. |
||
| 300 |
_a39 p. : ; _c22 cm. |
||
| 049 | _aBNPD | ||
| 999 |
_c11075 _d11075 |
||